Memorias del foro hablemos de café realizado durante la LVI asamblea anual de la asociación nacional de exportadores de café de Colombia (Registro nro. 12649)

Detalles MARC
000 -LEADER
fixed length control field 01800nam a2200229Ia 4500
003 - CONTROL NUMBER IDENTIFIER
control field OSt
005 - DATE AND TIME OF LATEST TRANSACTION
control field 20211008113733.0
008 - FIXED-LENGTH DATA ELEMENTS--GENERAL INFORMATION
fixed length control field 210310s1993 ck ao gr 000 0 spa d
040 ## - CATALOGING SOURCE
Original cataloging agency CO-JMCR
Transcribing agency CO-JMCR
041 0# - LANGUAGE CODE
Language code of text/sound track or separate title spa
082 04 - DEWEY DECIMAL CLASSIFICATION NUMBER
Classification number 338.17373 /
Item number M533m
Edition number 23
110 2# - MAIN ENTRY--CORPORATE NAME
Corporate name or jurisdiction name as entry element Foro Hablemos de Café
Number of part/section/meeting (56a. :
Date of meeting or treaty signing 1992 :
-- Manizales)
9 (RLIN) 41042
245 10 - TITLE STATEMENT
Title Memorias del foro hablemos de café realizado durante la LVI asamblea anual de la asociación nacional de exportadores de café de Colombia
Statement of responsibility, etc. Asociación de exportadores de Café de Colombia
250 ## - EDITION STATEMENT
Edition statement Primera edición
260 ## - PUBLICATION, DISTRIBUTION, ETC.
Place of publication, distribution, etc. Bogotá :
Name of publisher, distributor, etc. J. R. Bermúdez,
Date of publication, distribution, etc. 1992.
300 ## - PHYSICAL DESCRIPTION
Extent 72 páginas :
Other physical details ilustraciones y fotografías en blanco y negro ;
Dimensions 28 cm.
505 0# - FORMATTED CONTENTS NOTE
Title El futuro es promisorio. /<br/>
Statement of responsibility Dr. Gustavo Gaviria Angel. --
Title Instalación a cargo del Sr. ministro de Comercio Exterior. /
Statement of responsibility Dr. Juan Manuel Santos. --
Title El reto de la apertura. /
Statement of responsibility Dr. Bernardo Vargas Gibsone. --
Title Podemos ser más productivos. /
Statement of responsibility Dr. Carlos Ossa Escobar. --
Title Situación presente y perspectivas de la caficultura. /
Statement of responsibility Dr. Hernando José Gómez. --
Title Perspectivas mundiales del café. /
Statement of responsibility Dr. Diego Pizano Salazar. --
Title Las instituciones cafeteras son nuestra fortaleza. /
Statement of responsibility Dr. Jorge Manrique. --
Title La política macroeconómica y el café. /
Statement of responsibility Dr. Roberto Junguito Bonnet. --
Title De la cultura del café a la de la eficiencia. /
Statement of responsibility César Vallejo. --
Title El futuro del café: la perspectiva de largo plazo. /
Statement of responsibility Armando Montenegro. --
Title Con moderado optimismo. /
Statement of responsibility Dr. Gabriel Rosas Vega. --
Title La economía cafetera en 1991-1992: perspectivas. /
Statement of responsibility Jorge Cárdenas Gutiérrez. --
650 14 - SUBJECT ADDED ENTRY--TOPICAL TERM
Topical term or geographic name entry element Café
General subdivision Foro
Geographic subdivision Colombia
9 (RLIN) 28830
650 24 - SUBJECT ADDED ENTRY--TOPICAL TERM
Topical term or geographic name entry element Industria
Form subdivision Foro
General subdivision Café
Geographic subdivision Colombia
9 (RLIN) 41043
650 24 - SUBJECT ADDED ENTRY--TOPICAL TERM
Topical term or geographic name entry element Comercio
General subdivision Congresos, conferencias,
Geographic subdivision Colombia
9 (RLIN) 41044
942 ## - ADDED ENTRY ELEMENTS (KOHA)
Source of classification or shelving scheme Dewey Decimal Classification
Koha item type Books
Existencias
Withdrawn status Lost status Source of classification or shelving scheme Damaged status Not for loan Home library Current library Shelving location Date acquired Source of acquisition Full call number Barcode Date last seen Copy number Price effective from Koha item type
    Dewey Decimal Classification     Biblioteca Pública José María del Castillo y Rada Biblioteca Pública José María del Castillo y Rada General Stacks 04/15/2018 Donación 338.17373 / M533m 430005192 05/16/2024 Ej.1 03/10/2021 Books